000 00806nam a2200289 a 4500
001 000108418
003 CHAP
005 20220329144011.0
008 140210s2012 flua |r| |||1|||eng|d
010 _a104880
011 _a105852
020 _a9781439836224
040 _cCHAP
082 0 4 _a628.5
_bR38
100 1 _aRussell, David L.
_9125395
245 1 0 _aRemediation manual for contaminated sites /
_cpor David L. Russell.
260 3 _aBoca Raton Fl. :
_bCRC Press,
_c2012.
300 _axiii, 241 p.
504 _aIncluye: Bibliografias, referencias e index
590 _aE792CSJ
_b05
_c20140210
_lUCH01
_h1153
650 1 4 _aResiduos.
_996113
650 1 4 _aSuelos
_xContaminación.
_9110327
650 1 4 _aSuelos
_xDesinfección.
_9110339
901 _aBK
942 _cLIBRO
942 _n0
999 _c104880
_d104880